000 00416nmm a2200145Ia 4500
008 251105s9999||||xx |||||||||||||||||und||
041 _aspa
100 _aVas, Milagros del
245 0 _aAda Jacobs
264 _a[Madrid, España] :
_bEditorial Club Universitario: ECU,
_c2018
300 _a245 páginas
650 _aSpanish narrative
856 _uhttps://public.digitaliapublishing.com/a/163971
942 _cCF
999 _c106568
_d106568